[Event "GER Seniors Derby 13th"]
[Site "Wesel Undeloh"]
[Date "2014.05.11"]
[Round "9"]
[White "Wulf, Birgit"]
[Black "Vonnahme, Heinrich"]
[Result "1/2-1/2"]
[WhiteElo "1303"]
[BlackElo "1556"]
[PlyCount "74"]
[EventDate "2014.05.07"]
[EventType "swiss"]
[EventRounds "9"]
[EventCountry "GER"]
[SourceTitle "EXT 2018"]
[Source "ChessBase"]
[SourceDate "2017.10.13"]
[SourceVersion "1"]
[SourceVersionDate "2017.10.13"]
[SourceQuality "1"]

1. c4 d5 2. cxd5 Qxd5 3. Nc3 Qa5 4. Qa4+ Qxa4 5. Nxa4 e5 6. e3 Bd7 7. Nc3 Nf6 8. Nf3 Bd6 9. d4 exd4 10. Nxd4 a6 11. h3 c5 12. Nf3 Nc6 13. a3 b5 14. Be2 0-0 15. 0-0 Rfe8 16. Rd1 Bc7 17. Nd5 Nxd5 18. Rxd5 Re7 19. Rxc5 Rae8 20. b4 f6 21. g3 Bb6 22. Rh5 g6 23. Rd5 Bxh3 24. Rd6 Re6 25. Rxe6 Rxe6 26. Bb2 Kf7 27. Rd1 Ke7 28. Nd4 Nxd4 29. Bxd4 Bxd4 30. Rxd4 Rd6 31. Rxd6 Kxd6 32. f4 Kc7 33. Bf3 Be6 34. Kf2 Kb6 35. e4 a5 36. Ke3 axb4 37. axb4 Kc7 1/2-1/2

[Event "GER Seniors Derby 13th"]
[Site "Wesel Undeloh"]
[Date "2014.05.07"]
[Round "2"]
[White "Mencke, Hans Juergen"]
[Black "Vonnahme, Heinrich"]
[Result "0-1"]
[WhiteElo "1377"]
[BlackElo "1556"]
[PlyCount "72"]
[EventDate "2014.05.07"]
[EventType "swiss"]
[EventRounds "9"]
[EventCountry "GER"]
[SourceTitle "EXT 2018"]
[Source "ChessBase"]
[SourceDate "2017.10.13"]
[SourceVersion "1"]
[SourceVersionDate "2017.10.13"]
[SourceQuality "1"]

1. e4 e5 2. Nf3 Nc6 3. Bb5 d6 4. h3 Bd7 5. c3 Nf6 6. d3 a6 7. Ba4 b5 8. Bc2 d5 9. exd5 Nxd5 10. 0-0 Bd6 11. Re1 0-0 12. Nbd2 Kh8 13. Ne4 f6 14. Nxd6 cxd6 15. Bb3 Nce7 16. d4 Bc6 17. dxe5 dxe5 18. Qe2 Qc7 19. Bc2 Nb6 20. Nh4 Be8 21. Be3 Nc4 22. a3 Nxe3 23. Qxe3 Bg6 24. Nxg6+ Nxg6 25. Rac1 f5 26. Qg5 e4 27. g3 Ne5 28. Re3 Nf3+ 29. Rxf3 exf3 30. Bxf5 Qc5 31. g4 g6 32. b4 Qe5 33. Qd2 gxf5 34. Re1 Qg7 35. g5 h6 36. Kh1 hxg5 0-1